Giáo trình thương mại doanh nghiệp

Những vấn đề chung về quản trị hoạt động thương mại của doanh nghiệp sản xuất và đối tượng, phương pháp nghiên cứu môn học. Quản trị tiêu thụ sản phẩm, quản trị vật tư của doanh nghiệp

Bewaard in:
Bibliografische gegevens
Hoofdauteur: Đặng, Đình Đào
Formaat: Boek
Taal:Undetermined
Gepubliceerd in: Hà Nội Thống Kê 1998
Onderwerpen:
Tags: Voeg label toe
Geen labels, Wees de eerste die dit record labelt!
Thư viện lưu trữ: Trung tâm Học liệu Trường Đại học Cần Thơ
LEADER 00856nam a2200205Ia 4500
001 CTU_153755
008 210402s9999 xx 000 0 und d
020 |c 21500 
082 |a 382 
082 |b Đ108 
100 |a Đặng, Đình Đào 
245 0 |a Giáo trình thương mại doanh nghiệp 
245 0 |c Đặng Đình Đào 
260 |a Hà Nội 
260 |b Thống Kê 
260 |c 1998 
520 |a Những vấn đề chung về quản trị hoạt động thương mại của doanh nghiệp sản xuất và đối tượng, phương pháp nghiên cứu môn học. Quản trị tiêu thụ sản phẩm, quản trị vật tư của doanh nghiệp 
650 |a Commerce,Thương mại 
904 |i Trọng Hải 
980 |a Trung tâm Học liệu Trường Đại học Cần Thơ